| 000 | 00600nam a2200121Ia 4500 | ||
|---|---|---|---|
| 008 | 220615s9999||||xx |||||||||||||| ||und|| | ||
| 100 | _aSardelic, Julija | ||
| 245 | 4 |
_aThe fringes of citizenship _bRomani minorities in Europe and civic marginalisation |
|
| 546 | _aEnglish[eng] | ||
| 650 | _aRoma; citizenship; minority rights; ethnicity; discrimination; racism; human rights; Statelessness; Migration; Europe | ||
| 856 | _uhttps://library.oapen.org/bitstream/20.500.12657/50335/1/9781526143136_fullhl.pdf||https://library.oapen.org/bitstream/20.500.12657/50335/1/9781526143136_fullhl.pdf | ||
| 942 | _cEB | ||
| 999 |
_c9740 _d9740 |
||